Statistics for Five Most Populous Air Destinations from Select Cities #2

Click here to take the quiz!

General Stats

  • This quiz has been taken 66 times
  • The average score is 28 of 40

Answer Stats

HintAnswer% Correct
Burlington (VT)New York City
98%
Santiago-BenitezNew York City
98%
Hong KongNew York City
98%
DusseldorfNew York City
98%
Addis Ababa-BoleNew York City
98%
London-CityNew York City
98%
MiamiNew York City
98%
MiamiLos Angeles
91%
Santiago-BenitezLos Angeles
91%
DusseldorfLos Angeles
91%
AdelaideSydney
91%
Burlington (VT)Atlanta
87%
AdelaideMelbourne
85%
Hong KongTokyo
85%
Addis Ababa-BoleTokyo
85%
Burlington (VT)Chicago
79%
AdelaideSingapore
77%
MiamiSao Paulo
74%
Santiago-BenitezSao Paulo
74%
Burlington (VT)Toronto
74%
Santiago-BenitezBuenos Aires
72%
London-CityRome
72%
London-CityBerlin
66%
Hong KongJakarta
62%
MiamiMexico City
62%
Santiago-BenitezMexico City
62%
DusseldorfIstanbul
57%
Burlington (VT)Philadelphia
57%
Hong KongManila
55%
Addis Ababa-BoleManila
55%
DusseldorfMoscow
53%
MiamiMoscow
53%
Addis Ababa-BoleSeoul
53%
AdelaideHong Kong
51%
Hong KongDelhi
47%
Addis Ababa-BoleDelhi
47%
AdelaideGuangzhou
47%
London-CityMilan
45%
DusseldorfTehran
19%
London-CityRuhr Area
17%

Score Distribution

Percentile by Number Answered

Percent of People with Each Score

Your Score History

You have not taken this quiz